[Event "CRO-ch Men 2018"]
[Site "Pozega"]
[Date "2018.04.21"]
[Round "5.1"]
[White "Fercec, Nenad"]
[Black "Kuljasevic, Davorin"]
[Result "0-1"]
[WhiteElo "2446"]
[BlackElo "2538"]
[Annotator "TA"]
[PlyCount "76"]
[EventDate "2018.??.??"]
[EventType "tourn"]
[EventCountry "CRO"]
[SourceTitle "playchess.com"]
[Source "ChessBase"]
[SourceQuality "1"]

{[%evp 24,76,-14,-36,0,-11,-15,-14,-7,-8,0,0,5,-27,-15,-24,-10,-30,-10,-32,-39,-50,-17,-28,-4,-6,-4,-10,0,-10,-4,-6,-10,-10,-10,-11,104,94,127,119,111,106,281,199,167,0,0,-137,-142,-140,-144,-127,-118,-117,-119]} 1. e4 e5 2. Nf3 Nc6 3. Bb5 {[%cal Bf1b5,Bb5a4,Ba4b3,Bb3a2][%mdl 32]} a6 4. Ba4 Nf6 5. d3 b5 6. Bb3 Be7 7. Nc3 d6 8. a4 b4 {C77: Ruy Lopez: 3...a6 4 Ba4 Nf6, unusual lines} 9. Nd5 Na5 10. Nxf6+ Bxf6 11. Ba2 O-O 12. O-O Rb8 13. Be3 {[#] LiveBook: 3 Games} Be6 $146 ({Predecessor:} 13... b3 14. Bxb3 Nxb3 15. cxb3 Bg4 16. Ra3 Be7 17. Qc2 Bxf3 18. gxf3 {½-½ (44) Ponomariov,R (2731)-Karjakin,S (2756) Beijing 2013}) 14. Nd2 Bxa2 15. Rxa2 d5 16. Ba7 Rb7 17. Bc5 Re8 18. c3 bxc3 19. bxc3 Qd7 20. Qc2 Reb8 21. g3 Nc6 22. Nf3 Qe6 23. Kg2 dxe4 24. dxe4 Na5 25. Rd1 h6 26. Rd5 Nc4 27. Qe2 c6 28. Rd1 a5 29. Rc2 Nb2 (29... Rb2 $11) 30. Rd6 $16 Qb3 31. Rxf6 $1 gxf6 32. Nh4 $1 {[%cal Rh4f5] Intending Nf5 and mate.} Kh7 $2 (32... Qc4 $16 {was worth a try.} 33. Rxb2 (33. Qg4+ Kh7 $11) 33... Qxc5 34. Qg4+ Kh7 35. Qf5+ (35. Rxb7 Rxb7 36. Qf5+ Kg7 $11) 35... Kg7) 33. Nf5 {White wants to mate with Qh5!} Rg8 (33... Qxa4 $2 34. Qe3 $18) 34. Qh5 $2 (34. Rd2 $18 Rg6 35. Bf8) 34... Rg6 $11 35. Re2 {[#]} (35. Rd2 $1 $11 {remains equal.} Nc4 36. Nxh6 Rxh6 37. Qf5+ Rg6 38. Rd8) 35... Nd3 $1 $17 {[%cal Rd3f4]} ({Reject} 35... Qxa4 $6 36. Bf8 $11) ({Not} 35... Qxc3 36. Be3 $18) 36. Be3 {[%cal Re3h6] [#]} Nf4+ $1 ({Avoid the trap} 36... Qxa4 $2 37. Bxh6 Kg8 38. Nh4 $18) 37. Bxf4 exf4 38. Qf3 Qd1 {Precision: White = 36%, Black = 58%.} 0-1

[Event "CRO-ch Men 2018"]
[Site "Pozega"]
[Date "2018.04.21"]
[Round "5.2"]
[White "Kozul, Zdenko"]
[Black "Palac, Mladen"]
[Result "1/2-1/2"]
[WhiteElo "2611"]
[BlackElo "2551"]
[Annotator "TA"]
[PlyCount "20"]
[EventDate "2018.??.??"]
[EventType "tourn"]
[EventCountry "CRO"]
[SourceTitle "playchess.com"]
[Source "ChessBase"]
[SourceQuality "1"]

{[%evp 17,20,-30,-12,-41,9]} 1. c4 Nf6 2. g3 c6 3. Bg2 d5 4. cxd5 cxd5 5. Nf3 Nc6 6. d4 Bf5 7. O-O e6 8. Nc3 Be7 9. Bg5 O-O 10. e3 {D13: Slav Defence: Exchange variation without ...Bf5} Ne4 $146 (10... h6 $5 {[%cal Rh6g5]} 11. Bxf6 Bxf6 $15) ({Predecessor:} 10... Rc8 11. Qe2 h6 12. Bxf6 Bxf6 13. Rfc1 Be7 14. Qb5 Qd7 15. Na4 Ne5 16. Qxd7 Nxd7 17. Bf1 a6 {0-1 (54) Ballmann,M (2360)-King,D (2535) Winterthur 1996}) 1/2-1/2

[Event "CRO-ch Men 2018"]
[Site "Pozega"]
[Date "2018.04.21"]
[Round "5.3"]
[White "Saric, Ante"]
[Black "Jovanovic, Zoran"]
[Result "1/2-1/2"]
[WhiteElo "2541"]
[BlackElo "2536"]
[Annotator "TA"]
[PlyCount "83"]
[EventDate "2018.??.??"]
[EventType "tourn"]
[EventCountry "CRO"]
[SourceTitle "playchess.com"]
[Source "ChessBase"]
[SourceQuality "1"]

{[%evp 12,83,42,38,53,68,67,52,48,23,55,50,48,56,54,39,64,41,50,40,54,45,50,47,40,37,56,54,28,16,56,32,47,48,52,53,53,45,50,32,50,39,58,49,66,66,71,67,64,65,71,50,60,0,77,80,80,75,90,12,108,65,61,64,62,64,64,56,49,0,57,65,58,0]} 1. d4 d6 2. Nf3 g6 3. g3 Bg7 4. Bg2 c5 5. O-O cxd4 6. Nxd4 {A41: 1 d4 d6: Tartakower System and Modern Defence} Qb6 7. Be3 {LiveBook: 3 Games} Qa5 8. c4 $146 ({Predecessor:} 8. Qd2 Qxd2 9. Nxd2 a6 10. c4 Nf6 11. h3 e5 12. N4b3 Nc6 {½-½ (42) Agdestein,S (2628)-Caruana,F (2791) Stavanger 2014}) 8... Nf6 9. Qb3 Nbd7 10. Qb5 Qc7 11. Nc3 a6 {[%cal Ba7a6,Ba6a5][%mdl 32]} 12. Qb4 O-O 13. Rac1 Nc5 14. Nb3 {[%cal Rb3c5]} (14. Qa3 {feels hotter.} Ng4 15. Nd5 Qd8 16. b4 Nd7 17. Qa5) 14... a5 15. Qa3 {Hoping for Nb5.} Nxb3 $1 16. Qxb3 Bd7 17. Nb5 Qb8 18. Bb6 {Threatens to win with Nc7.} Rc8 19. Qe3 Ra6 20. h3 Bc6 21. b3 Nd7 22. Bd4 Re8 23. Bxg7 Kxg7 24. Rfd1 Nf6 25. Rd4 Qc8 26. Nc3 Qe6 27. Qd2 Raa8 28. e4 Qc8 29. Re1 Nd7 30. h4 h5 31. Qe3 Nf6 32. Qd2 (32. Rdd1 $14) 32... Qc7 (32... Nd7 $1 $11 {keeps the balance.}) 33. Nd5 $16 Bxd5 34. exd5 Qc5 35. Qb2 ({Better is} 35. a4 $16) 35... Kg8 (35... b5 $1 $11 {remains equal.}) 36. Bf1 Qb4 37. Re3 Ng4 38. a3 Qc5 39. Re1 Ne5 40. Re3 Ng4 $1 {[%cal Rg4e3]} 41. Re2 Ne5 42. Re3 {Precision: White = 52%, Black = 50%.} (42. Kg2 $14) 1/2-1/2

[Event "CRO-ch Men 2018"]
[Site "Pozega"]
[Date "2018.04.21"]
[Round "5.4"]
[White "Stevic, Hrvoje"]
[Black "Brkic, Ante"]
[Result "1/2-1/2"]
[WhiteElo "2587"]
[BlackElo "2596"]
[Annotator "TA"]
[PlyCount "53"]
[EventDate "2018.??.??"]
[EventType "tourn"]
[EventCountry "CRO"]
[SourceTitle "playchess.com"]
[Source "ChessBase"]
[SourceQuality "1"]

{[%evp 22,53,23,25,14,3,6,7,13,0,10,16,6,0,4,0,0,0,20,0,0,0,0,0,0,0,0,0,0,0,0,0,0,0]} 1. e4 e5 2. Nf3 Nc6 3. Bb5 {[%cal Bf1b5,Bb5a4,Ba4c2,Bc2e4,Be4c6][%mdl 32]} a6 4. Ba4 Nf6 5. O-O Bc5 6. c3 b5 7. Bc2 d5 {C78: Ruy Lopez: Archangelsk and Möller Defences} 8. d4 (8. a4 dxe4 9. axb5 exf3 10. Qxf3 e4 11. Bxe4 Ne5 12. Qe2 O-O 13. d4 Bg4 14. Qc2 Nxe4 15. Qxe4 {½-½ (51) Pichot,A (2552)-Yu,Y (2760) chess.com INT 2018}) 8... dxe4 9. Nxe5 Nxe5 10. dxe5 Qxd1 11. Rxd1 Ng4 12. Bxe4 {LiveBook: 30 Games} Nxf2 13. Bc6+ {The position is equal.} Ke7 14. Rd5 Bb6 15. Bxa8 {[#] Threatens to win with Rd4.} Nd3+ $146 16. Kf1 Nxc1 17. Na3 Be6 18. Rxc1 {And now Bc6 would win.} Rxa8 19. Rd3 Bf5 20. Rdd1 Be3 21. Ra1 h5 22. g3 f6 23. Re1 Bd3+ 24. Kg2 Be4+ 25. Kh3 Bf5+ 26. Kg2 Be4+ 27. Kf1 {Precision: White = 62%, Black = 100%.} 1/2-1/2

[Event "CRO-ch Men 2018"]
[Site "Pozega"]
[Date "2018.04.21"]
[Round "5.5"]
[White "Martinovic, Sasa"]
[Black "Bosiocic, Marin"]
[Result "1/2-1/2"]
[WhiteElo "2594"]
[BlackElo "2605"]
[Annotator "TA"]
[PlyCount "56"]
[EventDate "2018.??.??"]
[EventType "tourn"]
[EventCountry "CRO"]
[SourceTitle "playchess.com"]
[Source "ChessBase"]
[SourceQuality "1"]

{[%evp 24,56,0,0,0,0,0,0,0,0,0,0,0,0,0,0,0,0,0,0,0,0,0,0,0,0,0,0,0,0,0,0,0,0,0]} 1. d4 Nf6 2. c4 g6 3. Nc3 d5 4. cxd5 Nxd5 5. e4 Nxc3 6. bxc3 Bg7 7. Nf3 c5 8. Bb5+ Nc6 9. d5 {D85: Exchange Grünfeld: Unusual White 7th moves and lines with 7 Nf3} Qa5 10. Rb1 a6 11. Bxc6+ bxc6 12. dxc6 Bxc3+ 13. Bd2 {LiveBook: 3 Games. The position is equal.} Be6 14. Rc1 Bxd2+ 15. Qxd2 Qb4 {[#]} 16. Qxb4 $146 ({Predecessor:} 16. O-O Qxd2 17. Nxd2 {½-½ (33) Sasikiran,K (2680)-Grischuk,A (2752) Eilat 2012}) 16... cxb4 17. c7 Kd7 18. Ne5+ Kc8 19. Nc6 Kxc7 20. Nxb4+ Kd6 21. Ke2 Rhc8 22. Rhd1+ Ke5 23. Nc6+ Kf6 24. a3 Rc7 {[#] White must now prevent ...Rac8.} 25. Rc3 Rac8 26. Rdc1 g5 27. Kd3 Rd7+ 28. Ke2 Rdc7 {Precision: White = 97%, Black = 92%.} 1/2-1/2

[Event "CRO-ch Men 2018"]
[Site "Pozega"]
[Date "2018.04.21"]
[Round "5.6"]
[White "Kovacevic, Blazimir"]
[Black "Saric, Ivan"]
[Result "1-0"]
[WhiteElo "2493"]
[BlackElo "2677"]
[Annotator "TA"]
[PlyCount "109"]
[EventDate "2018.??.??"]
[EventType "tourn"]
[EventCountry "CRO"]
[SourceTitle "playchess.com"]
[Source "ChessBase"]
[SourceQuality "1"]

{[%evp 9,109,10,14,10,22,17,56,53,53,57,42,41,54,45,46,32,155,120,147,112,163,164,233,220,229,178,237,175,326,322,333,300,447,460,448,442,451,456,444,446,522,322,361,352,337,91,74,30,77,23,25,15,16,42,65,62,67,54,74,72,92,75,350,141,132,18,145,142,130,145,600,562,544,537,530,523,460,453,1123,1048,1084,900,1088,854,928,847,6565,6813,6750,5473,12825,12822,12832,12832,12833,12833,12833,12832,12833,12827,12129,9202]} 1. d4 Nf6 2. Nf3 c6 3. e3 (3. Bf4 g6 4. Nbd2 Bg7 5. c3 O-O 6. e4 d6 7. Be2 Nbd7 8. O-O Re8 9. h3 e5 10. dxe5 Nxe5 11. Nxe5 dxe5 {1-0 (40) Caruana,F (2811)-Gabuzyan,H (2571) chess.com INT 2018}) 3... g6 4. c4 Bg7 5. b4 a5 6. b5 {A46: 1 d4 Nf6 2 Nf3 e6: Torre, London and Colle Systems} c5 $146 ({Predecessor:} 6... cxb5 7. cxb5 d6 8. Be2 Nbd7 9. O-O a4 10. Ba3 Nb6 11. Nbd2 Bf5 12. Rc1 {0-1 (62) Drolet,S (2122)-Hebert,J (2428) Sherbrooke 2008}) 7. Be2 d5 8. Bb2 {White is slightly better.} dxc4 9. Na3 c3 10. Bxc3 Nd5 11. Bb2 O-O 12. Nc4 Bf5 (12... cxd4 $14 13. Bxd4 (13. Nxd4 Nd7 $14) 13... Nc3) 13. Rc1 a4 14. O-O Bd7 (14... a3 $16 15. Nxa3 (15. Bxa3 Nd7 $16) 15... Nd7) 15. Nce5 $1 $18 a3 (15... c4 {was necessary.} 16. Bxc4 Nb6 17. Nxd7 N8xd7) 16. Ba1 (16. Rxc5 Nxe3 17. fxe3 axb2 $14) 16... cxd4 17. Bxd4 {Threatens to win with Nxf7!} e6 (17... Nf6 {was called for.} 18. Bc4 Be8) 18. Bc4 Re8 $2 (18... Be8 19. Bc5 Nd7) 19. Qb3 Nb6 20. Rfd1 Nxc4 (20... Na4 {keeps fighting.} 21. Qxa3 f6) 21. Nxc4 ({Less strong is} 21. Rxc4 f6 $18) 21... Bxd4 22. Rxd4 Qc7 23. Rdd1 Rc8 24. Qb1 Qd8 25. Nce5 f6 26. Rxc8 Qxc8 {[#]} 27. Nxd7 $2 (27. Nxg6 $1 $18 {[%mdl 512] has better winning chances. Black must now prevent Ne7+.} Qe8 (27... hxg6 28. Qxg6+) 28. Nf4) 27... Nxd7 $16 28. Qb4 Nf8 29. h3 ({White should try} 29. Nd4 $16) 29... Qc2 $11 30. Rd2 $36 {[%mdl 2048] White fights for an advantage.} Qc1+ 31. Kh2 {Hoping for Qe7.} Qc7+ 32. g3 $1 e5 33. Kg2 Qf7 34. Rc2 Ne6 35. b6 Nd8 $2 {[%mdl 8192] [#]} (35... Qf8 $16 {was worth a try.} 36. Qc4 Qf7) 36. Nd2 (36. Rc7 $1 $18 {[%cal Rc7f7] is the precise move to win.} Qe6 37. Qh4) 36... Nc6 $16 {[#]} 37. Qc4 (37. Qd6 $1 $16) 37... Rd8 (37... Qxc4 $11 {remains equal.} 38. Nxc4 Kf8) 38. Ne4 Qxc4 39. Rxc4 {[%mdl 4096] Endgame KRN-KRN} Ra8 $2 {[%mdl 8192]} (39... Kg7 $16) 40. Nxf6+ {White is clearly winning.} Kf7 {[#]} 41. Rxc6 $1 $18 {[%mdl 512] KRN-KR} Rd8 (41... bxc6 42. Nd7) 42. Rc7+ Kxf6 43. Rxb7 {KR-KR} Rd2 (43... h5 $142 44. Kf3 Ke6) 44. Rxh7 Rxa2 45. Ra7 Rb2 46. Rxa3 Rxb6 47. h4 Rc6 48. g4 {[%cal Bg3g4,Bg4g5][%mdl 32]} Rb6 49. Kg3 Rc6 50. Ra7 Rc1 51. g5+ Kf5 52. Rf7+ Ke4 53. Rf6 Rg1+ 54. Kh2 Rd1 55. Kg2 {Precision: White = 58%, Black = 19%.} 1-0

[Event "CRO-ch Men 2018"]
[Site "Pozega"]
[Date "2018.04.22"]
[Round "6.1"]
[White "Kuljasevic, Davorin"]
[Black "Saric, Ivan"]
[Result "1/2-1/2"]
[WhiteElo "2538"]
[BlackElo "2677"]
[Annotator "TA"]
[PlyCount "114"]
[EventDate "2018.??.??"]
[EventType "tourn"]
[EventCountry "CRO"]
[SourceTitle "playchess.com"]
[Source "ChessBase"]
[SourceQuality "1"]

{[%evp 14,114,31,27,20,19,29,7,7,8,4,4,8,2,5,0,7,-6,-6,-4,0,-6,-6,-6,-9,-8,-6,-37,-37,-37,-37,-37,-35,-55,-16,-29,-29,-29,-29,-29,-29,-35,-4,-35,-35,-35,-2,-2,-2,-3,0,0,0,0,0,0,0,-23,-23,-75,-23,-72,-71,-72,-70,-73,-67,-74,-71,-71,-18,-13,-8,-8,0,0,0,0,0,0,0,0,0,0,-8,-8,0,0,0,-8,-8,-8,0,0,0,0,0,0,0,0,0,0,0]} 1. d4 Nf6 2. c4 e6 3. Nf3 a6 4. Nc3 d5 5. cxd5 exd5 6. Bg5 {D37: Queen's Gambit Declined: 5 Bf4} Be6 7. e3 Nbd7 8. h3 {LiveBook: 8 Games. White is slightly better.} (8. Bd3 Bd6 9. Bf4 Qe7 10. O-O O-O 11. h3 Rfe8 12. Qc2 {½-½ (12) Aronian,L (2805)-Carlsen,M (2837) Riadh 2017}) 8... h6 9. Bf4 Bf5 $146 ({Predecessor:} 9... Bb4 10. Bd3 c5 11. dxc5 Nxc5 12. O-O Bxc3 13. bxc3 O-O {½-½ (27) Volkov,S (2637)-Ponomariov,R (2692) Linares 2017}) 10. Bd3 (10. Qb3 {seems wilder.} Nb6 11. a4 a5 12. Ne5 c6 13. Bd3) 10... Bxd3 11. Qxd3 Be7 12. O-O O-O 13. Ne5 c6 14. Rad1 Re8 15. f3 {[%cal Bf2f3,Bf3e4,Be4e5][%mdl 32]} Nxe5 16. Bxe5 Bd6 17. Bxd6 Qxd6 18. e4 dxe4 $1 19. fxe4 {[#] Black must now prevent e5.} c5 20. e5 (20. Qc4 {is interesting.} cxd4 21. Qxd4 Qf8 22. e5 Rad8 23. Qb6) 20... Qxd4+ 21. Qxd4 cxd4 22. exf6 dxc3 23. bxc3 $15 {[%mdl 4096] Endgame KRR-KRR} g5 24. Rd7 b5 25. h4 gxh4 26. Rf4 Re6 27. Rc7 Rae8 28. c4 bxc4 29. Rcxc4 h3 30. gxh3 Kh7 31. Rc7 Re1+ 32. Kg2 R8e2+ 33. Kg3 Re3+ 34. Kh4 Kg6 35. Rc8 Re8 36. Rc2 (36. Rxe8 $11 Rxe8 37. Rg4+ Kxf6 38. Ra4) 36... R1e2 (36... Rg1 $17) 37. Rc1 {[#] Hoping for Rg1+.} Rg2 38. Rc5 Rg5 39. Rc6 a5 40. Ra6 Rh5+ 41. Kg4 Re1 (41... Rd5 $17) 42. h4 $1 $11 {The position is equal.} Rhe5 {With the idea ...R1e2.} 43. Ra8 {Black should prevent Rg8+.} h5+ 44. Kg3 R1e3+ 45. Kg2 Re2+ 46. Kf1 Re1+ 47. Kg2 R5e2+ 48. Kg3 Re3+ 49. Kf2 R3e2+ 50. Kg3 Rg1+ 51. Kh3 {Rg8+ is the strong threat.} Rh1+ 52. Kg3 Rg1+ 53. Kh3 {Threatens to win with Rg8+.} Rd1 {( -> ...Rd3+)} 54. Rf3 Rh1+ 55. Kg3 Rg1+ 56. Kh3 Rh1+ 57. Kg3 Rg1+ {Precision: White = 53%, Black = 61%.} 1/2-1/2

[Event "CRO-ch Men 2018"]
[Site "Pozega"]
[Date "2018.04.22"]
[Round "6.2"]
[White "Bosiocic, Marin"]
[Black "Kovacevic, Blazimir"]
[Result "1-0"]
[WhiteElo "2605"]
[BlackElo "2493"]
[Annotator "TA"]
[PlyCount "133"]
[EventDate "2018.??.??"]
[EventType "tourn"]
[EventCountry "CRO"]
[SourceTitle "playchess.com"]
[Source "ChessBase"]
[SourceQuality "1"]

{[%evp 16,133,30,28,35,25,27,2,21,32,27,9,47,0,4,0,38,55,25,24,41,14,31,30,22,1,20,6,14,0,9,-14,-25,-14,-14,-22,-25,-16,-6,-14,18,0,22,19,45,45,45,45,47,39,67,67,74,67,68,63,69,68,79,54,83,78,89,68,70,64,68,40,48,58,59,51,141,140,284,60,52,52,57,40,52,48,66,56,49,42,47,7,143,132,140,131,169,134,177,183,274,240,330,330,379,392,395,398,363,356,331,346,884,982,1169,1169,1142,1107,771,195,598,182,29976,29977]} 1. e4 e6 2. d4 d5 3. Nc3 Be7 4. Nf3 Nf6 5. Bd3 c5 6. exd5 exd5 7. dxc5 {C10: French with 3 Nc3: Unusual Black 3rd moves and 3...dxe4} O-O 8. Bg5 (8. O-O Nbd7 9. Bf5 Nxc5 10. Bxc8 Rxc8 11. Be3 Nce4 12. Bd4 {½-½ (33) Jakovenko,D (2710)-Demidov,M (2521) Sochi 2017}) 8... Nbd7 9. O-O {LiveBook: 8 Games. White has an edge.} h6 10. Bh4 Nxc5 11. Nd4 Be6 12. Re1 Qb6 13. Rb1 $146 ({Predecessor:} 13. Nf5 Bd8 14. Rb1 Nxd3 15. Qxd3 {0-1 (51) Cubas,J (2463)-Dias,P (2394) Figueira da Foz 2010}) 13... Rad8 14. Nce2 Rfe8 15. c3 Nfe4 16. Bxe7 Rxe7 17. Ng3 Ree8 18. Re3 {[%cal Rd3e4]} Bd7 19. Bc2 Nf6 20. Nf1 Bg4 21. f3 Bd7 22. Kh1 (22. Re1 {looks sharper.} g6 23. Ne3 Re5 24. Qd2 Ne6 25. b4) 22... Ne6 23. Rd3 Nxd4 24. Rxd4 Re5 25. Ng3 Rde8 26. Qd2 Qe6 27. Rg1 Re1 28. Qf2 Qe3 (28... a6 {with more complications.} 29. Bf5 Qe5 30. Bxd7 Nxd7 31. Rxe1 Qxe1+ 32. Qg1 Nf6) 29. Qxe3 R8xe3 30. Rd1 Rxd1 31. Rxd1 g6 32. Kg1 Re7 33. Bb3 Bc6 34. Kf2 Kf8 35. Nf1 Rd7 36. Ne3 Ke7 37. h4 Ke6 38. g4 Ng8 39. h5 gxh5 40. gxh5 Nf6 41. Bc2 Ke5 42. Re1 Nxh5 43. Rh1 Nf4 (43... Ng7 $1 $14) 44. Rxh6 $16 {[%cal Re3g4]} Ne6 {[#]} (44... f5 $16 45. Nxf5 Rf7) 45. Ng4+ $2 ({Only move:} 45. f4+ $1 $18 {[%mdl 512]} Kd6 (45... Kxf4 46. Rh5) 46. f5) 45... Kd6 $1 $14 46. f4 {And now f5 would win.} Kc7 47. Ne5 Re7 48. Ke3 Be8 49. b4 Nf8 50. Bd3 a6 51. Bc2 Re6 {[#]} (51... f6 $1 $11 52. Rxf6 Nd7) 52. Rh8 $1 $16 {[%cal Rh8f8]} Nd7 {Threatens to win with ...f6.} 53. Kd4 Nb6 54. Rh7 Rf6 55. f5 Nd7 (55... Kd8 $142 56. Ng4 Rd6) 56. Ng4 Rc6 {aiming for ...Rc4+.} 57. Bb3 ({Stronger than} 57. Kxd5 Rxc3 58. Rh2 a5 $11) 57... Nf6 58. Nxf6 Rxf6 $18 {[%mdl 4096] Endgame KRB-KRB} 59. Ke5 Rc6 60. Bxd5 Rxc3 61. Bxf7 Bxf7 $2 (61... Re3+ 62. Kf6 Bc6 63. Bb3+ Kd6) 62. Rxf7+ {KR-KR} Kc6 63. f6 Re3+ 64. Kf5 Rf3+ 65. Kg4 $2 (65. Kg5 {Re7 is the strong threat.} Rf2 66. Re7) 65... Ra3 $2 (65... Rf2 {is a better chance.} 66. a4 b6) 66. Rf8 $2 (66. Re7 {White wants to mate with f7.} Rxa2 67. f7) 66... Kd6 $2 (66... Kd7 $18) 67. Re8 {Precision: White = 54%, Black = 26%.} 1-0

[Event "CRO-ch Men 2018"]
[Site "Pozega"]
[Date "2018.04.22"]
[Round "6.3"]
[White "Brkic, Ante"]
[Black "Martinovic, Sasa"]
[Result "1/2-1/2"]
[WhiteElo "2596"]
[BlackElo "2594"]
[Annotator "TA"]
[PlyCount "83"]
[EventDate "2018.??.??"]
[EventType "tourn"]
[EventCountry "CRO"]
[SourceTitle "playchess.com"]
[Source "ChessBase"]
[SourceQuality "1"]

{[%evp 25,83,14,45,0,14,0,0,3,10,0,0,0,7,0,8,6,8,7,8,6,10,0,0,0,11,11,9,16,14,18,18,10,10,10,8,4,2,0,0,0,0,0,0,0,0,0,0,0,0,0,0,0,0,0,0,0,0,0,0,0]} 1. Nf3 d5 2. e3 Nf6 3. c4 c6 4. Nc3 e6 5. b3 Bd6 6. Bb2 O-O 7. Be2 Nbd7 8. Qc2 a6 9. d4 b6 {D45: Semi-Slav: 5 e3} (9... b5 10. O-O Bb7 11. Rad1 Rc8 12. Rfe1 Re8 13. Bd3 h6 14. Qb1 Bb8 15. Ne2 Qa5 16. Ng3 dxc4 17. bxc4 c5 18. dxc5 Bxf3 19. gxf3 bxc4 20. Bxc4 Rxc5 {0-1 (61) Mamedyarov,S (2747)-Movsesian,S (2653) Huaian 2016}) 10. O-O Bb7 11. e4 dxe4 12. Nxe4 Nxe4 13. Qxe4 Qe7 {LiveBook: 4 Games} 14. Ne5 (14. Rfe1 {NOTEXT} Nf6 15. Qh4 h6 16. Bd3 Nd7 17. Qh3) 14... f5 {The position is equal.} 15. Qf3 $146 ({Find the theoretical novelty and annotate with similar games:} 15. Qe3) 15... Nxe5 16. dxe5 Bb4 17. Qe3 Rad8 18. Rad1 Bc5 19. Qc1 Qh4 20. Bf3 Rxd1 21. Qxd1 Rd8 22. Qe2 Rd7 23. g3 Qd8 24. Rd1 Rxd1+ 25. Qxd1 Qxd1+ 26. Bxd1 $11 {[%mdl 4096] Endgame KBB-KBB} b5 27. Be2 g5 28. Bc1 g4 29. Be3 Ba3 30. Bb6 Bb2 31. Bc7 Bd4 32. Bd6 Kf7 33. c5 Kg6 34. Kg2 Bc8 35. f3 h5 36. fxg4 hxg4 37. h3 gxh3+ 38. Kxh3 Kg5 39. Be7+ Kg6 40. Bd6 Kg5 41. Be7+ Kg6 42. Bd6 {Precision: White = 71%, Black = 71%.} 1/2-1/2

[Event "CRO-ch Men 2018"]
[Site "Pozega"]
[Date "2018.04.22"]
[Round "6.4"]
[White "Jovanovic, Zoran"]
[Black "Stevic, Hrvoje"]
[Result "1/2-1/2"]
[WhiteElo "2536"]
[BlackElo "2587"]
[Annotator "TA"]
[PlyCount "41"]
[EventDate "2018.??.??"]
[EventType "tourn"]
[EventCountry "CRO"]
[SourceTitle "playchess.com"]
[Source "ChessBase"]
[SourceQuality "1"]

{[%evp 33,34,34,40]} 1. e4 c6 2. d4 d5 3. Nd2 dxe4 4. Nxe4 Bf5 5. Ng3 Bg6 6. h4 h6 7. Nf3 Nd7 8. h5 Bh7 9. Bd3 Bxd3 10. Qxd3 e6 11. Bf4 Qa5+ 12. Bd2 Qc7 13. O-O-O Ngf6 14. Ne4 Nxe4 15. Qxe4 Nf6 16. Qe2 O-O-O {B19: Classical Caro-Kann: 4...Bf5 main line} 17. Kb1 Bd6 {[#] LiveBook: 50 Games} {Predecessor:} 18. c4 $146 c5 19. Bc3 cxd4 20. Nxd4 a6 21. Nb3 {½-½ (21) Kazhgaleyev,M (2563)-Gagunashvili,M (2573) Kocaeli 2014} 1/2-1/2

[Event "CRO-ch Men 2018"]
[Site "Pozega"]
[Date "2018.04.22"]
[Round "6.5"]
[White "Palac, Mladen"]
[Black "Saric, Ante"]
[Result "1-0"]
[WhiteElo "2551"]
[BlackElo "2541"]
[Annotator "TA"]
[PlyCount "89"]
[EventDate "2018.??.??"]
[EventType "tourn"]
[EventCountry "CRO"]
[SourceTitle "playchess.com"]
[Source "ChessBase"]
[SourceQuality "1"]

{[%evp 24,89,17,15,16,16,21,-10,23,23,23,23,42,49,62,64,61,58,57,58,66,64,67,64,69,70,71,70,95,94,93,82,124,125,125,119,121,120,114,121,247,241,244,254,248,249,280,278,326,325,439,179,585,578,557,557,531,523,588,606,498,525,844,858,1286,1250,1348,1241]} 1. e4 e5 2. Nf3 Nf6 3. d4 Nxe4 4. Bd3 d5 5. Nxe5 Nd7 6. Nxd7 Bxd7 7. O-O Bd6 8. Qh5 Qf6 {C43: Petroff Defence: 3 d4} 9. Nc3 Qxd4 10. Be3 Qe5 11. Qxe5+ Bxe5 12. Nxd5 Nf6 13. Rae1 {LiveBook: 13 Games. aiming for Bh6.} Nxd5 14. Bd4 (14. Bd2 f6 15. f4 Nxf4 16. Bxf4 O-O 17. Bxe5 fxe5 18. Bc4+ Kh8 19. Rxe5 Rxf1+ 20. Kxf1 Re8 21. Rxe8+ {½-½ (21) Palac,M (2559)-Saric,A (2505) Zagreb 2008}) 14... O-O-O {[#]} 15. Rxe5 $146 ({Predecessor:} 15. Bxe5 f6 16. Bg3 {½-½ (31) Vachier Lagrave,M (2757)-Fridman,D (2635) Douglas 2014}) 15... Nb4 16. Rg5 Nxd3 17. cxd3 Bc6 18. Bxg7 ({Reject} 18. Bxa7 b6 $15) 18... Rhe8 19. Bc3 Rg8 20. Rxg8 Rxg8 $14 {[%mdl 4096] Endgame KRB-KRB} 21. f3 {[%cal Bf2f3,Bf3f4,Bf4f5][%mdl 32]} Kd7 22. Kf2 Re8 23. g4 Bd5 24. a3 Re6 25. h4 Bb3 26. f4 Rd6 27. Ke3 Bc2 28. Rc1 Ba4 29. f5 Bb5 30. d4 b6 31. Kf4 c5 (31... a5 $16 {was worth a try.} 32. h5 Be2) 32. dxc5 $18 bxc5 33. Be5 Rd5 34. Re1 Ba4 35. Bf6 Kc6 36. Re8 Rd1 37. Ra8 (37. Rc8+ $142 Kd5 38. Rd8+ Kc6 39. Rh8) 37... Kb6 $2 {[#]} (37... Rf1+ {is tougher.} 38. Kg5 Bd1 39. Rxa7 h6+ 40. Kxh6 Bxg4 41. Rxf7 Rxf5) 38. Rh8 {White is clearly winning.} Rf1+ 39. Kg5 Rg1 40. Rxh7 Bd1 41. Rxf7 Rxg4+ 42. Kh6 Bb3 43. Rf8 Kc6 44. Bg5 Rg2 45. Kg6 {Precision: White = 84%, Black = 35%.} 1-0